A través de las frondas doradas (Record no. 70803)

MARC details
000 -LEADER
campo de control de longitud fija 00794nam a2200241 i 4500
001 - NÚMERO DE CONTROL
campo de control 70803
003 - IDENTIFICADOR DE NÚMERO DE CONTROL
campo de control ES-MaACL
005 - FECHA Y HORA DE LA ÚLTIMA TRANSACCIÓN
campo de control 20240430093533.0
007 - CAMPO FIJO DE DESCRIPCIÓN FÍSICA--INFORMACIÓN GENERAL
campo de control de longitud fija t|
008 - DATOS DE LONGITUD FIJA--INFORMACIÓN GENERAL
campo de control de longitud fija 040803s1981 sp ||||1| spa d
020 ## - NÚMERO INTERNACIONAL ESTÁNDAR DEL LIBRO
Número Internacional Estándar del Libro 84-359-0262-5
100 0# - ENTRADA PRINCIPAL--NOMBRE DE PERSONA
Nombre de persona Garrido Chamorro, Manuel,
Fechas asociadas al nombre 1923-1990
9 (RLIN) 55691
245 10 - MENCIÓN DEL TÍTULO
Título A través de las frondas doradas
Resto del título : (un ensayo de perspectivas desde el otoño de la vida) /
Mención de responsabilidad, etc. Manuel Garrido Chamorro.
260 ## - PUBLICACIÓN, DISTRIBUCIÓN, ETC.
Lugar de publicación, distribución, etc. [Madrid] :
Nombre del editor, distribuidor, etc. Playor,
Fecha de publicación, distribución, etc. [1981]
300 ## - DESCRIPCIÓN FÍSICA
Extensión 103 p. ;
Dimensiones 19 cm.
490 1# - MENCIÓN DE SERIE
Mención de serie Nueva poesía
830 0# - PUNTO DE ACCESO ADICIONAL DE SERIE-TÍTULO UNIFORME
Título uniforme Nueva poesía (Playor)
9 (RLIN) 180866
852 ## - LOCALIZACIÓN
Ubicación ES-MaACL
Número de control de estantería L-2528
Sublocalización o colección R.102857
852 ## - LOCALIZACIÓN
Ubicación ES-MaACL
Número de control de estantería L-2141
Sublocalización o colección R.102858
852 ## - LOCALIZACIÓN
Ubicación ES-MaACL
Número de control de estantería L-2142
Sublocalización o colección R.102859
852 ## - LOCALIZACIÓN
Ubicación ES-MaACL
Número de control de estantería L-9343
Sublocalización o colección R.108845
Holdings
Estatus retirado Estado de pérdida Estado de daño No para préstamo Biblioteca de origen Biblioteca actual Ubicación en estantería Fecha de adquisición Fuente de adquisición Total de préstamos Signatura topográfica completa Código de barras Visto por última vez Precio de reemplazo Tipo de ítem Koha
        Biblioteca del Ateneo de Madrid Biblioteca del Ateneo de Madrid Depósito 2 17/01/2008     L-2142 1074141 23/02/2023 23/02/2023 Libro impreso
        Biblioteca del Ateneo de Madrid Biblioteca del Ateneo de Madrid Depósito 2 17/01/2008     L-9343 1074142 23/02/2023 23/02/2023 Libro impreso
        Biblioteca del Ateneo de Madrid Biblioteca del Ateneo de Madrid Depósito 2 17/01/2008     L-2528 1074139 23/02/2023 23/02/2023 Libro impreso
        Biblioteca del Ateneo de Madrid Biblioteca del Ateneo de Madrid Depósito 2 17/01/2008     L-2141 1074140 23/02/2023 23/02/2023 Libro impreso